000 00316nam a2200109 a 4500
001 4144
005 20140414131849.0
008 090317s19uu xx 00 eng d
050 _aM 515.53
_bH22 2001
245 _aHarmonica :
_blearn to play the harmonica using this easy to follow step by step guide.
999 _c110090
_d110090